Internet /
Guardado en:
| Autor Corporativo: | |
|---|---|
| Formato: | |
| Materias: | |
| Etiquetas: |
Agregar Etiqueta
Sin Etiquetas, Sea el primero en etiquetar este registro!
|
| LEADER | 00797ngm a22002415g 4500 | ||
|---|---|---|---|
| 001 | CEM.cems022504 | ||
| 008 | 130507b2000##################0###0#####d | ||
| 005 | 20241105150848.0 | ||
| 245 | 1 | 0 | |a Internet / |c ATC. |
| 300 | |a 35'. | ||
| 500 | |a En soporte VHS, consultar en ventanilla. | ||
| 505 | 0 | |a Operadores lógicos (H: 4633). Guardar información (H: 4862). Libreta de direcciones (H: 5070). Chat (H: 5320). | |
| 538 | |a Soporte: VHS - Norma: Pal N - Color: Si - Grabación DRD 2000 - Hitachi=4633 | ||
| 110 | 2 | |a ATC. | |
| 082 | 0 | 0 | |. 6/ATC |
| 653 | |a COMPUTACION | ||
| 653 | |a PC | ||
| 653 | |a INFORMATICA | ||
| 653 | |a COMPUTADORAS | ||
| 653 | |a INTERNET | ||
| 653 | |a NIVEL PRIMARIO | ||
| 653 | |a NIVEL SECUNDARIO | ||
| 859 | |a CEMS |b BIB. CEMS - Depto. Recursos Didacticos |h 001.6 |i ATC |k DRD |p 1147.12 |t Ej.1 | ||
